|
|
|
|
| LEADER |
00000nam0a2200000 4500 |
| 001 |
98024 |
| 005 |
20231031111203.0 |
| 035 |
|
|
|a (RuTPU)RU\TPU\book\105065
|
| 090 |
|
|
|a 98024
|
| 100 |
|
|
|a 20060608d1975 km y0rusy50 ca
|
| 101 |
0 |
|
|a rus
|
| 102 |
|
|
|a UA
|
| 105 |
|
|
|a a z 001zy
|
| 200 |
1 |
|
|a Очистка дымовых газов золоуловителями
|f Ф. П. Семиков, Г. Л. Ужек
|
| 210 |
|
|
|a Киев
|c Технiка
|d 1975
|
| 215 |
|
|
|a 168 с.
|c ил.
|
| 320 |
|
|
|a Библиогр.: с. 163-165.
|
| 610 |
1 |
|
|a дымовые газы
|
| 610 |
1 |
|
|a очистка
|
| 610 |
1 |
|
|a золоуловители
|
| 610 |
1 |
|
|a промышленные выбросы
|
| 610 |
1 |
|
|a конструкции
|
| 610 |
1 |
|
|a ремонт
|
| 675 |
|
|
|a 621.182.94
|v 3
|
| 700 |
|
1 |
|a Семиков
|b Ф. П.
|g Федор Петрович
|
| 701 |
|
1 |
|a Ужек
|b Г. Л.
|g Геннадий Леонидович
|
| 801 |
|
1 |
|a RU
|b 63413507
|c 20060608
|g PSBO
|
| 801 |
|
2 |
|a RU
|b 63413507
|c 20071102
|g PSBO
|
| 942 |
|
|
|c BK
|